| 000 | 00556nam a22002057a 4500 | ||
|---|---|---|---|
| 003 | KOHA_MİRAKIL | ||
| 005 | 20260330131108.0 | ||
| 008 | 260330b tu ||||| |||| 00| 0 tur d | ||
| 020 | _a9789754293791 | ||
| 040 |
_aTR-AnABB _btur _cTR-AnABB |
||
| 041 | _atur | ||
| 082 |
_a307.12 _bERS 2018 |
||
| 100 | 1 | _aErsoy, Melih | |
| 245 | 1 | 0 |
_aŞehircilik yazıları / _cMelih Ersoy |
| 260 |
_aAnkara : _bODTÜ Yayınları, _c2018 |
||
| 300 |
_a398 sayfa ; _c20 cm |
||
| 500 | _aYazar imzalı | ||
| 650 | 0 | 4 | _aŞehir planlama |
| 942 |
_2ddc _cBK |
||
| 999 |
_c10098 _d10098 |
||
| 900 | _bCan ÇELIK | ||